Stand Out 4 Standards - Based English

Na minha lista:
Detalhes bibliográficos
Autor principal: Sabbagh, Staci Lyn
Outros Autores: Jenkins, Rob
Formato: Livro
Idioma:Undetermined
Publicado em: Boston, MA Thomson Learning/Heinle 2002
Acesso em linha:http://lrc.tdmu.edu.vn/opac/search/detail.asp?aID=2&ID=7391
Tags: Adicionar Tag
Sem tags, seja o primeiro a adicionar uma tag!
Thư viện lưu trữ: Trung tâm Học liệu Trường Đại học Thủ Dầu Một
LEADER 00605nam a2200205Ia 4500
001 TDMU_7391
008 210410s9999 xx 000 0 und d
082 |a 428 
090 |b S100 
100 |a Sabbagh, Staci Lyn 
245 0 |a Stand Out 4 
245 0 |b Standards - Based English 
245 0 |c Staci Lyn Sabbagh, Rob Jenkins 
260 |a Boston, MA 
260 |b Thomson Learning/Heinle 
260 |c 2002 
300 |a xv, 172 p. 
700 |a Jenkins, Rob 
856 |u http://lrc.tdmu.edu.vn/opac/search/detail.asp?aID=2&ID=7391 
980 |a Trung tâm Học liệu Trường Đại học Thủ Dầu Một